000 00263nam a2200121 a 4500
003 0
005 20240731120912.0
008 030526s19uu xx 00 eng d
050 _aVHS 300
_bR 26
245 _aTeacher's demo.
942 _cAVM
_2lcc
999 _c108522
_d108522